000 01244nam a22002417a 4500
999 _c58491
_d58491
003 Ge_BSU
005 20220414122413.0
008 220414s2019 ge ||||| |||| 00| 0 geo d
020 _a9789941488375
041 _ageo
080 _a630.44 ჩ-99
100 _aჩხუბაძე, გურამ
_913676
245 _aსატყეო ფიტოპათოლოგია :
_b[სახელმძღვანელო] /
_cგურამ ჩხუბაძე; რედაქტორი ბიძინა თავაძე;
264 _aბათუმი :
_bბათუმის შოთა რუსთაველის სახელმწიფო უნივერსიტეტი,
_c2019.
300 _a461 გვ.:
_bილ.,
_c24 სმ.
501 _aლათინურ სახელწოდებათა საძიებელი გვ.450-458
504 _aბიბლიოგრ. გვ. 459-461
653 _aსატყეო ფიტოპათოლოგია
653 _aსატყეო საქმე
653 _aმცენარეთა დაცვა
700 _aთავაძე, ბიძინა
_eრედაქტორი
_913677
942 _2udc
_cBK